000 00803nam a22002053a 4500
005 20240924065347.0
008 010615s1997 ea r 000 0 spa d
035 _aUPN01000108391
049 _aF
050 4 _aLB2305
_bE5.7 no.6
245 0 0 _aRegiones en transición :
_beducación superior en la frontera México-Estados Unidos /
_cBeatriz Calvo Pontón ... [et al.].
260 _aBoulder [E.U.A.] :
_bWICHE :
_bCONAHEC,
_c1997.
300 _a44 p.
440 0 _aEntendiendo las diferencias
_pCuaderno de trabajo ;
_v6
500 _a"Serie sobre la educación superior en México, Canadá y los Estados Unidos"
650 7 _aEducación superior
_zEstados Unidos
_2
_915203
650 4 _aEducación superior
_zMéxico
_94968
700 1 _aCalvo Pontón, Beatriz Estela,
_ecoaut.
_936571
905 _aLibro
999 _c82303
_d82303